| 000 | 00650nam a2200193zi 4500 | ||
|---|---|---|---|
| 999 |
_c27158 _d55156 |
||
| 005 | 20170907042014.0 | ||
| 020 | _a978-0-444-51874-3 | ||
| 037 |
_aBC_704 43 _fbroch |
||
| 040 |
_aBC-ENSA _bfre |
||
| 041 | _afre | ||
| 100 | _aPINGALI, Prabhu | ||
| 245 |
_aHandbook of agricultural economics _bAgricultural economics |
||
| 260 |
_aAmsterdam _bElsevier _c2010 |
||
| 300 |
_a3894 p. _bill. _c25 cm |
||
| 562 | _e01 exemplaire | ||
| 942 | _c09 | ||
| 490 | _a2331 | ||
| 653 | _aECONOMIE AGRICOLE/AGRICULTURE/POLITIQUE AGRICOLE/ANALYSE MACROECONOMIQUE/DEVELOPPEMENT AGRICOLE/PAYS EN DEVELOPPEMENT/AIDE AU DEVELOPPEMENT | ||